000 01099nam a2200229 a 4500
001 71405
003 BD-RjUL
005 20211209082117.0
008 160616s1988 ii ||||| |||| 00| 0 ben d
035 _a(BD-RjUL) 71621
040 _aBD-RjUL
_bben
_cBD-RjUL
041 _aben
082 _223
_a954.023
_bCHM 1978
100 _aচন্দ্র, সতীশ
_9122907
245 1 0 _aমুঘল দরবারে দল ও রাজনীতি :
_b১৭০৭-১৭৪০ /
_cসতীশ চন্দ্র ; অনুবাদক চন্দ্রিকাপ্রসাদ বন্দ্যোপাধ্যায়
260 _aকলকাতা :
_bকে পি বাগচী,
_c১৯৭৮
300 _a[১১], ৪৪৪ পৃ. ;
_c২১ সেমি
650 _aমুঘল ইতিহাস
_zভারত
_9122908
_y১৭০৭-১৭৪০
650 _a Mogul Empire
_9122909
_y1707-1740
_zIndia
700 _aবন্দ্যোপাধ্যায়, চন্দ্রিকাপ্রসাদ, অনুবাদক
_9136014
942 _2ddc
_cBK
999 _c71405
_d71405